000 00810nas a2200277 4500
001 BR9607648
003 BR-BrBNA
005 20231205095922.0
007 ta
008 230509b bl.|||p| |||| 00| 00por d
040 _aBR-BrBNA
_bpor
_cBiblioteca Nacional de Agricultura
041 _a(Pt)
072 _aH10
100 1 _aNeves, L.L. de M.
100 1 _aPicanco, M.
100 1 _aBastos, C.S.
100 1 _aSaraiva, L.S.
100 1 _aAraujo, J.M. de
245 1 _aResistencia de sete clones de couve ao curuquere (Ascia monuste orseis)
650 _aCouve
650 _aCuruquere
650 _aVariedade Resistente
773 0 _tHorticultura Brasileira (Brazil)
_xISSN 0102-0536
_g(May 1996), v. 14(1) p. 55-58
_wBR9607648
909 _a202311
_bLúcia
_c55
_dLúcia Elande
942 _2AGRIS
_n0
_cANA
999 _c153454
_d153454